[Event "6th Linares it"]
[Site "Linares ESP"]
[Date "1988.02.24"]
[Round "2"]
[White "Yusupov, Artur"]
[Black "Beliavsky, Alexander"]
[Result "1/2-1/2"]
[WhiteElo "2620"]
[BlackElo "2645"]
[EventDate "1988.02.23"]
[PlyCount "51"]

1.d4 d5 2.c4 e6 3.Nc3 Nf6 4.Bg5 Be7 5.e3 h6 6.Bh4 O-O 7.Nf3 b6 8.Be2 Bb7 
9.Bxf6 Bxf6 10.cxd5 exd5 11.b4 c5 12.bxc5 bxc5 13.Rb1 Qa5 14.Qd2 cxd4 15.
Nxd4 Bxd4 16.exd4 Ba6 17.Nb5 Qd8 18.O-O Nc6 19.Rfd1 Qf6 20.Bf3 Rab8 21.a4 
Rfd8 22.Qc3 Bc8 23.Rdc1 a6 24.Qxc6 Qxc6 25.Rxc6 axb5 26.axb5 1/2-1/2